00322nam a2200121Ia 4500008004100000100001500041245005700056260003400113300000900147650002000156942000700176999001700183190216s9999||||xx |||||||||||||| ||und|| aAziz Ahmad 0aStudies In Islamic Culture In The Indian Environment bOxford University Pressc2000 a310p aIslamic Culture cBK c18852d18852